000 00225 a2200097 4500
001 37404
100 _aElliot, H M
245 _aAkbar Nama of Abdul Fazal
260 _aLahore
_bIslamic Book Service
_c
090 _c23872
_d23872
942 _aNUST-CAE
_cM
_c15416
999 _c272477
_d272477